• 首页
  • 本馆介绍
  • 公告通知
  • 最新文献
  • 馆藏检索
  • 电子资源
  • 读者导购
  • 参考咨询
  • 我的图书馆
  • 登录
  • 详细信息显示
  • 放入我的书架
  • 预约/预借图书
  • 作者相关作品
  • 分类相关作品
  • 丛书相关作品
  • 出版社相关作品

书目信息

  • 表格格式
  • 工作单格式
  • 卡片格式
题名:
电子显微镜与电子光学
    
 
作者: 黄兰友 , 刘绪平 著
分册:  
出版信息: 北京   科学出版社  1991.12
页数: 496页
开本: 32开
丛书名:
单 册:
中图分类: TN16
科图分类:
主题词: 电子光学--光学仪器
电子资源:
ISBN: 7-03-002444-3
000 00564nam0 2200205 45
001 0010050938
005 20031219104046.7
010    @a7-03-002444-3@dCNY15.50
100    @a20001005d1991 km y0chiy0120 ea
101 0  @achi
105    @a z 000yy
200 1  @a电子显微镜与电子光学@f黄兰友,刘绪平著@FHuang Lan You,Liu Xu Ping Zhu
210    @a北京@c科学出版社@d1991.12
215    @a496页@d32开
606 0  @a电子光学@x光学仪器
690    @aTN16@v3
701  0 @a黄兰友@4著
701  0 @a刘绪平@4著
801    @aCN@bTSTC@c20001005
905    @b291467-471@dTN16@e13@f5
    
    电子显微镜与电子光学/黄兰友,刘绪平著.-北京:科学出版社,1991.12
    496页;32开
    
    
    ISBN 7-03-002444-3:CNY15.50
    
●
相关链接 在E读中查询图书 在五车中查询图书 在当当中查询图书 在豆瓣中查询图书


正题名:电子显微镜与电子光学     索取号:TN16/13         预约/预借

序号 登录号 条形码 馆藏地/架位号 状态 备注
1 0291467   002914671   第三借阅区/ [索取号:TN16/13] 在馆    
2 0291468   002914680   密集书库/ [索取号:TN16/13] 在馆    
3 0291469   002914699   密集书库/ [索取号:TN16/13] 在馆    
4 0291470   002914706   第三借阅区/ [索取号:TN16/13] 在馆    
5 0291471   002914715   第二样本阅览室/ [索取号:TN16/13] 在馆    
唐山师范学院图书馆 欢迎您!
大连网信软件有限公司© 版权所有